000 00695nam a22002177a 4500
005 20140731115410.0
010 _aENG-110058
020 _a9789380607450
_c850.00
035 _aEN-93591
037 _bDBAD/PUB
082 _a954
100 _aVatsyayan, Kapila
245 _aPlural cultures and monolithic structures :
_cby Kapila Vatsyayan
_bcomprehending India /
260 _aDelhi
_bPrimus Books
_c2013
270 _aVirat Bhavan, Mukherjee Nagar Commercial Complex
_bDelhi
_e110009
300 _axiii,231p.
_c24cm(Hb)
500 _a Includes bibliographical references and index.
650 _aMulticulturalism
_zIndia.
700 _a
942 _2ddc
_cEN
_mVAT
_h954
999 _c84454
_d84454